000 00477nam a2200181Ia 4500
008 090124s9999 xx 000 0 und d
082 _b126749
100 _aकाळे वैजयंती.
245 _a खानदान
250 _a1
260 _c1990
300 _a260
600 _aकाळे वैजयंती.
630 _a खानदान
700 _aकाळे वैजयंती.
730 _a खानदान
942 _cBOOK
999 _c172839
_d172839